الإسهام النسبى للفضائل الإنسانية والقوى المعبرة عنها فى التنبؤ بالرضا عن الحياة لدى كبار السن. (رقم التسجيلة. 163395)

تفاصيل مارك
000 -LEADER
fixed length control field 02596nam a2200301Ia 4500
005 - DATE AND TIME OF LATEST TRANSACTION
control field 20250223033102.0
008 - FIXED-LENGTH DATA ELEMENTS--GENERAL INFORMATION
fixed length control field 231030s9999 xx 000 0 und d
049 ## - LOCAL HOLDINGS (OCLC)
Holding library إيداع
082 ## - DEWEY DECIMAL CLASSIFICATION NUMBER
Classification number 370.155
097 ## - Thesis Degree
Thesis Level M.Sc
099 ## - LOCAL FREE-TEXT CALL NUMBER (OCLC)
Classification number Cai01.23.04.M.Sc.2022.رو.إ
100 ## - MAIN ENTRY--PERSONAL NAME
Personal name روز شوقى فايز،
245 ## - TITLE STATEMENT
Title الإسهام النسبى للفضائل الإنسانية والقوى المعبرة عنها فى التنبؤ بالرضا عن الحياة لدى كبار السن.
Remainder of title The relative contribution of humanity virtues and strengths expressed in predicting satisfaction with life among the elderly.
Statement of responsibility, etc. إعداد روز شوقى فايز ؛ إشراف ‌سميرة على جعفر أبو خزالة، منال منصور الحملاوى.
246 ## - VARYING FORM OF TITLE
Title proper/short title The relative contribution of humanity virtues and strengths expressed in predicting satisfaction with life among the elderly.
260 ## - PUBLICATION, DISTRIBUTION, ETC.
Date of publication, distribution, etc. 2022.
336 ## - CONTENT TYPE
Source rda content
Content type term text
337 ## - MEDIA TYPE
Source rdamedia
Media type term Unmediated
338 ## - CARRIER TYPE
Source rdacarrier
Carrier type term volume
502 ## - DISSERTATION NOTE
Dissertation note أطروحة (ماجستير)-جامعة القاهرة، 2022.
504 ## - BIBLIOGRAPHY, ETC. NOTE
Bibliography, etc. note ببليوجرافيا: ص. 94-115.
520 ## - SUMMARY, ETC.
Summary, etc. إهتمت الدراسة الى معرفة الإسهام النسبى للفضائل الإنسانية والقوى المعبرة عنها فى التنبؤ بالرضا عن الحياة لدى كبار السن الذين تتراوح أعمارهم من سن 60 غلى 65 عام وتكونت العينة من 204 فرد الى 100 من الذكور و 104 من الإناث وتم إستخدام مقياس القوى الإنسانية النسخة المختصرة لمارتن سليمان (2006) ومقياس الرضا عن الحياة إعداد الباحثة وأسفرت النتائج عن: وجود علاقة ارتباطية موجبة دالة احصائيا عند مسوى 0.01 بين الرضا عن الحياة وأبعاد مقياس الإنسانية والقوى المعبرة لكبار السن لأبعاد الحكمة والمعرفة - السمو - الإنسانية والحب. وجود فروق دالة إحصائيا عند مستوى 0.01 بين مرتفعى ومنخفضى الرضا عن الحياة بجميع أبعاد الفضائل الإنسانية والقوى المعبرة عنها لصالح كبار السن مرتفعى الرضا.
650 ## - SUBJECT ADDED ENTRY--TOPICAL TERM
Topical term or geographic name entry element التنبؤ-المسنون
653 ## - INDEX TERM--UNCONTROLLED
Uncontrolled term كبار السن
700 ## - ADDED ENTRY--PERSONAL NAME
Personal name منال منصور الحملاوى
856 ## - ELECTRONIC LOCATION AND ACCESS
Uniform Resource Identifier <a href="http://172.23.153.220/th.pdf">http://172.23.153.220/th.pdf</a>
905 ## - LOCAL DATA ELEMENT E, LDE (RLIN)
Cataloger Mohamady
942 ## - ADDED ENTRY ELEMENTS (KOHA)
Koha item type Thesis
Source of classification or shelving scheme Dewey Decimal Classification
المقتنيات
Source of classification or shelving scheme Not for loan Home library Current library Date acquired Full call number Barcode Date last seen Koha item type
Dewey Decimal Classification   المكتبة المركزبة الجديدة - جامعة القاهرة قاعة الرسائل الجامعية - الدور الاول 11.02.2024 Cai01.23.04.M.Sc.2022.رو.إ 01010100030465000 30.10.2023 Thesis
Cairo University Libraries Portal Implemented & Customized by: Eng. M. Mohamady Contacts: new-lib@cl.cu.edu.eg | cnul@cl.cu.edu.eg
CUCL logo CNUL logo
© All rights reserved — Cairo University Libraries
CUCL logo
Implemented & Customized by: Eng. M. Mohamady Contact: new-lib@cl.cu.edu.eg © All rights reserved — New Central Library
CNUL logo
Implemented & Customized by: Eng. M. Mohamady Contact: cnul@cl.cu.edu.eg © All rights reserved — Cairo National University Library